000 00560cam a22002291 4500
001 sa 64005996
003 DLC
005 20260227112036.0
008 881028s1963 xx 000 0 beno
010 _asa 64005996
035 _a(OCoLC)23576736
040 _aDLC
_cMiU
_dDLC
042 _apremarc
050 0 0 _aPK1714
_b.G48
100 1 _aGhose, Sukumar,
_d1935-
_ecomp.
245 1 0 _aPremera kabitā.
260 _c[1963]
300 _a158 p.
_billus.
_c15 cm.
500 _aRomanized.
650 0 _aBengali poetry
700 1 _aBasu, Rana,
_ejoint ed.
999 _c59458
_d59458